000
00258nam a2200097Ia 4500
001
874117
005
20250826181310.0
008
250824s9999 xx 000 0 und d
245
0
_a
TÜRKLERİN İSLAMLAŞMA SÜRECİ
_c
BEKİR BİÇER
260
_b
AKÇAĞ YAYINLARI
999
_c
874117
_d
874117